Les entraîneurs du RC Lens - Statistiques

Statistiques générales
  • Ce quiz a été pris 56 fois
    18 depuis la dernière actualisation
  • Le résultat moyen est 12 sur 39
Statistiques - réponses
Période Nombres de matchs Nationalité Réponse % Correct
2020-2024 168 Français Franck Haise
94%
2025- En cours Français Pierre Sage
94%
2024-2025 37 Anglo-Belge Will Still
94%
1997-1999 103 Français Daniel Leclercq
82%
2017-2018 41 Franco-Polonais Eric Sikora
71%
2012-2013 34 Franco-Polonais Eric Sikora
71%
2013-2016 123 Français Antoine Kombouaré
65%
2007-2008 43 Français Jean-Pierre Papin
59%
2016-2017 48 Français Alain Casanova
53%
2011 21 Roumain/Hongrois László Bölöni
53%
2018-2020 78 Français Philippe Montanier
53%
2005-2007 128 Français Francis Gillot
47%
2007 7 Français Guy Roux
47%
2008-2011 106 Français Jean-Guy Wallemme
47%
2001-2005 146 Français Joël Muller
41%
2011-2012 51 Français Jean-Louis Garcia
35%
2000-2001 31 Français Rolland Courbis
35%
1997 9 Français Roger Lemerre
29%
1978-1979 7 Français Roger Lemerre
29%
1988 14 Franco-Polonais Arnold Sowinski
18%
1979-1981 85 Franco-Polonais Arnold Sowinski
18%
1969-1978 230 Franco-Polonais Arnold Sowinski
18%
1990-1992 96 Français Arnaud Dos Santos
12%
1982-1985 133 Français Gérard Houllier
12%
1992-1996 156 Français Patrice Bergues
12%
1996-1997 35 Franco-Serbe Slavoljub Muslin
12%
1953-1956 110 Autrichien Anton Marek
6%
1945-1947 3 Autrichien Anton Marek
6%
2001 8 Français Georges Tournay
6%
1962-1969 257 Français Elie Fruchart
0%
1999-2000 38 Français François Brisson
0%
1988-1989 32 Français Jean Parisseaux
0%
1981-1982 39 Français Jean Sérafin
0%
1985-1988 127 Allemand/Polonais Joachim Marx
0%
1959-1962 155 Français Jules Bigot
0%
1956-1959 104 Franco-Tchèque Karel Michlowski
0%
1950-1953 108 Tchèque Ladislav Dupal
0%
1989-1990 21 Français Marcel Husson
0%
1989 14 Français Philippe Redon
0%
Aucun quiz correspondant
Distribution des résultats
% des personnes avec chaque résultat
Percentile par nombre de réponses
Votre historique - résultats
Vous n’avez pas pris ce quiz depuis la dernière actualisation